Empowering technology : (Record no. 103553)

MARC details
000 -LEADER
campo de control de longitud fija 00676cam a2200205 4500
001 - NÚMERO DE CONTROL
campo de control 4855
005 - FECHA Y HORA DE LA ÚLTIMA TRANSACCIÓN
campo de control 20230410143535.0
008 - DATOS DE LONGITUD FIJA--INFORMACIÓN GENERAL
campo de control de longitud fija 060907s1993 mau eng
020 ## - NÚMERO INTERNACIONAL ESTÁNDAR DEL LIBRO
Número Internacional Estándar del Libro 0262023660
035 ## - NÚMERO DE CONTROL DEL SISTEMA
-- funglode4896
041 ## - CÓDIGO DE IDIOMA
Código de lengua del texto/banda sonora o título independiente EN
050 14 - SIGNATURA TOPOGRÁFICA DE LA BIBLIOTECA DEL CONGRESO
Número de clasificación T 21
Número de ítem E55 1993
245 00 - MENCIÓN DEL TÍTULO
Título Empowering technology :
Resto del título implementing a U.S. strategy /
Mención de responsabilidad, etc. edited by Lewis M. Branscomb ; with contributions by Lewis M. Branscomb ... [et al.].
260 ## - PUBLICACIÓN, DISTRIBUCIÓN, ETC.
Lugar de publicación, distribución, etc. Cambridge, Mass. :
Nombre del editor, distribuidor, etc. The MIT Press,
Fecha de publicación, distribución, etc. 1993
300 ## - DESCRIPCIÓN FÍSICA
Extensión xi, 315 p. ;
Dimensiones 23 cm.
650 #0 - PUNTO DE ACCESO ADICIONAL DE MATERIA--TÉRMINO DE MATERIA
Término de materia o nombre geográfico como elemento de entrada Technology and state
Subdivisión geográfica United States.
653 ## - TÉRMINO DE INDIZACIÓN--NO CONTROLADO
Término no controlado Tecnología y Estado
700 1# - ENTRADA AGREGADA--NOMBRE PERSONAL
Nombre de persona Branscomb, Lewis M., |d 1926-
942 ## - ELEMENTOS DE ENTRADA SECUNDARIOS (KOHA)
Fuente del sistema de clasificación o colocación Clasificación de Library of Congress
Tipo de ítem Koha
Holdings
Estatus retirado Estado de pérdida Fuente del sistema de clasificación o colocación Estado de daño No para préstamo Colección Biblioteca de origen Biblioteca actual Ubicación en estantería Fecha de adquisición Signatura topográfica completa Código de barras Visto por última vez Copia número Tipo de ítem Koha
    Clasificación de Library of Congress     Colección de Tecnología Biblioteca Juan Bosch Biblioteca Juan Bosch Humanidades (4to. Piso) 21/01/2019 T 21 E55 1993 00000007896 21/01/2019 1